[Event "Belgrade Gligoric 100 Ann op"]
[Site "Belgrade"]
[Date "2023.02.05"]
[Round "1"]
[White "Damjanovic, Vuk"]
[Black "Stamatovic, Aleksandar"]
[Result "1-0"]
[WhiteElo "2361"]
[BlackElo "1949"]
[PlyCount "49"]
[EventDate "2023.02.05"]
[EventType "swiss (blitz)"]
[EventRounds "11"]
[EventCountry "SRB"]
[SourceTitle "EXT 2024"]
[Source "ChessBase"]
[SourceDate "2023.10.10"]
[SourceVersion "1"]
[SourceVersionDate "2023.10.10"]
[SourceQuality "1"]

1. d4 Nf6 2. Nc3 e6 3. e4 Bb4 4. e5 Ne4 5. Qg4 Nxc3 6. a3 Bf8 7. bxc3 h5 8. Qg3 d6 9. Nf3 Nc6 10. Bg5 Ne7 11. Bd3 d5 12. 0-0 Bd7 13. Nh4 g6 14. Bf6 Rg8 15. f4 c5 16. Kh1 Qa5 17. c4 cxd4 18. Qg5 dxc4 19. Bxc4 Rc8 20. Bd3 Nd5 21. Nxg6 Nxf6 22. exf6 Qxg5 23. fxg5 Rxg6 24. Bxg6 fxg6 25. Rf4 1-0

[Event "Belgrade-chT2 Quality"]
[Site "Belgrade"]
[Date "2022.11.06"]
[Round "9.1"]
[White "Manojlovic, Slobodan"]
[Black "Stamatovic, Aleksandar"]
[Result "1/2-1/2"]
[WhiteElo "1991"]
[BlackElo "1969"]
[PlyCount "74"]
[EventDate "2022.10.15"]
[EventType "team-tourn"]
[EventRounds "13"]
[EventCountry "SRB"]
[SourceTitle "EXT 2024"]
[Source "ChessBase"]
[SourceDate "2023.10.10"]
[SourceVersion "1"]
[SourceVersionDate "2023.10.10"]
[SourceQuality "1"]
[WhiteTeam "Belgrade BASK"]
[BlackTeam "Belgrade Bogoslov"]
[WhiteTeamCountry "SRB"]
[BlackTeamCountry "SRB"]

1. d4 Nf6 2. Nf3 g6 3. Nc3 Bg7 4. e4 d6 5. h3 0-0 6. Be3 Nfd7 7. Qd2 e5 8. g4 exd4 9. Bxd4 Ne5 10. Nxe5 dxe5 11. Be3 Qxd2+ 12. Bxd2 c6 13. Bc4 Nd7 14. a4 Nc5 15. Be3 Ne6 16. Bxe6 Bxe6 17. 0-0-0 Rfe8 18. a5 Bf8 19. Na4 Bb4 20. Bd2 Be7 21. Be3 Bd8 22. b4 b6 23. axb6 axb6 24. Nxb6 Rb8 25. Nd7 Rxb4 26. Nxe5 Bf6 27. Nxc6 Rxe4 28. Nd4 Bd5 29. Rhg1 Rb8 30. g5 Be7 31. Kd2 Rh4 32. Ne2 Bf3 33. Rg3 Rd8+ 34. Ke1 Bb4+ 35. c3 Rxd1+ 36. Kxd1 Bxe2+ 37. Kxe2 Bxc3 1/2-1/2

[Event "Belgrade-chT2 Quality"]
[Site "Belgrade"]
[Date "2022.10.28"]
[Round "5.1"]
[White "Raicevic, Momcilo"]
[Black "Stamatovic, Aleksandar"]
[Result "1-0"]
[WhiteElo "2262"]
[BlackElo "1969"]
[PlyCount "58"]
[EventDate "2022.10.15"]
[EventType "team-tourn"]
[EventRounds "13"]
[EventCountry "SRB"]
[SourceTitle "EXT 2024"]
[Source "ChessBase"]
[SourceDate "2023.10.10"]
[SourceVersion "1"]
[SourceVersionDate "2023.10.10"]
[SourceQuality "1"]
[WhiteTeam "Zvezdara Cirilo i Metodije"]
[BlackTeam "Belgrade Bogoslov"]
[WhiteTeamCountry "SRB"]
[BlackTeamCountry "SRB"]

1. c4 e5 2. g3 Nf6 3. Bg2 Nc6 4. Nc3 Bc5 5. e3 0-0 6. Nge2 Re8 7. 0-0 e4 8. a3 a6 9. Qc2 Qe7 10. Nd5 Nxd5 11. cxd5 Na7 12. b4 Bd6 13. Bb2 c6 14. Nc3 f5 15. d3 Nb5 16. dxe4 Nxc3 17. Qxc3 fxe4 18. Bxe4 Be5 19. Qxe5 Qxe5 20. Bxe5 Rxe5 21. Bg2 cxd5 22. Rfd1 Kf8 23. Rxd5 Rxd5 24. Bxd5 Ke7 25. Rc1 Kd6 26. e4 Rb8 27. f4 h6 28. Kf2 b5 29. Ke3 a5 1-0

[Event "Belgrade-chT2 Quality"]
[Site "Belgrade"]
[Date "2022.10.23"]
[Round "4.1"]
[White "Stamatovic, Aleksandar"]
[Black "Panic, Nenad"]
[Result "0-1"]
[WhiteElo "1969"]
[BlackElo "2288"]
[PlyCount "68"]
[EventDate "2022.10.15"]
[EventType "team-tourn"]
[EventRounds "13"]
[EventCountry "SRB"]
[SourceTitle "EXT 2024"]
[Source "ChessBase"]
[SourceDate "2023.10.10"]
[SourceVersion "1"]
[SourceVersionDate "2023.10.10"]
[SourceQuality "1"]
[WhiteTeam "Belgrade Bogoslov"]
[BlackTeam "Sremcica"]
[WhiteTeamCountry "SRB"]
[BlackTeamCountry "SRB"]

1. e4 g6 2. d4 Bg7 3. Nc3 d6 4. Be3 a6 5. Qd2 Nd7 6. Nf3 b5 7. d5 Bb7 8. Nd4 Ngf6 9. f3 Ne5 10. Bh6 Bxh6 11. Qxh6 c5 12. Nb3 b4 13. Nd1 e6 14. dxe6 fxe6 15. Ne3 Nh5 16. Nc4 Qh4+ 17. g3 Nxf3+ 18. Kf2 Qg4 19. Nxd6+ Ke7 20. Nxb7 Raf8 21. Qe3 Nd4+ 22. Kg1 Rf3 23. Be2 Nxe2+ 24. Qxe2 Nf4 25. Qd2 Nh3+ 26. Kg2 Rf2+ 27. Qxf2 Nxf2 28. N7xc5 Nxh1 29. Kxh1 Rf8 30. Kg1 Qe2 31. Nd3 Qxc2 32. Nbc5 Rc8 33. Rc1 Qd2 34. Rc4 Rxc5 0-1

[Event "Belgrade-chT Quality"]
[Site "Belgrade"]
[Date "2019.10.31"]
[Round "11.3"]
[White "Stamatovic, Aleksandar"]
[Black "Dakic, Dejan"]
[Result "1-0"]
[WhiteElo "2117"]
[BlackElo "2017"]
[PlyCount "61"]
[EventDate "2019.10.05"]
[EventType "team-tourn"]
[EventRounds "11"]
[EventCountry "SRB"]
[SourceTitle "EXT 2022"]
[Source "ChessBase"]
[SourceDate "2021.10.06"]
[SourceVersion "1"]
[SourceVersionDate "2021.10.06"]
[SourceQuality "1"]
[WhiteTeam "Bogoslov"]
[BlackTeam "Cukaricki"]
[WhiteTeamCountry "SRB"]
[BlackTeamCountry "SRB"]

1. e4 e5 2. Nf3 Nc6 3. d4 exd4 4. Nxd4 Nxd4 5. Qxd4 Ne7 6. Bg5 Nc6 7. Qe3 Be7 8. Bxe7 Qxe7 9. Nc3 Qb4 10. 0-0-0 0-0 11. a3 Qa5 12. Rd5 Qb6 13. Qg3 a6 14. Rg5 Qd4 15. Nd5 g6 16. c3 Qg7 17. Nxc7 Rb8 18. Nd5 b5 19. e5 d6 20. f4 Be6 21. Nf6+ Kh8 22. h4 dxe5 23. fxe5 Ne7 24. h5 h6 25. hxg6 fxg6 26. Bd3 Bf5 27. Bxf5 Nxf5 28. Rxf5 gxf5 29. Qf4 Rxf6 30. exf6 Qxf6 31. Rxh6+ 1-0

[Event "Belgrade-chT Quality"]
[Site "Belgrade"]
[Date "2019.10.19"]
[Round "5.4"]
[White "Keserovic, Milan"]
[Black "Stamatovic, Aleksandar"]
[Result "0-1"]
[WhiteElo "2156"]
[BlackElo "2117"]
[PlyCount "88"]
[EventDate "2019.10.05"]
[EventType "team-tourn"]
[EventRounds "11"]
[EventCountry "SRB"]
[SourceTitle "EXT 2022"]
[Source "ChessBase"]
[SourceDate "2021.10.06"]
[SourceVersion "1"]
[SourceVersionDate "2021.10.06"]
[SourceQuality "1"]
[WhiteTeam "Romanticari"]
[BlackTeam "Bogoslov"]
[WhiteTeamCountry "SRB"]
[BlackTeamCountry "SRB"]

1. e4 d5 2. exd5 Nf6 3. Qf3 Nxd5 4. Bc4 e6 5. Nc3 Nb6 6. Bb3 Nc6 7. Nge2 a5 8. a4 Be7 9. 0-0 0-0 10. d3 Ne5 11. Qg3 Ng6 12. d4 Bd6 13. Qd3 e5 14. Nb5 exd4 15. Nxd6 Qxd6 16. Qxd4 Qxd4 17. Nxd4 c5 18. Nb5 c4 19. Ba2 Bd7 20. Nd6 Bxa4 21. c3 Bc6 22. Nxc4 Nd5 23. Rd1 Rfe8 24. Ne3 Ndf4 25. Bc4 Nh4 26. f3 a4 27. Kf2 h5 28. Rd4 g5 29. Bd2 Rad8 30. Rd1 Nfxg2 31. Nxg2 Nxf3 32. Be3 Nxd4 33. Bxd4 b5 34. Bf1 b4 35. Ne3 Re4 36. Ra1 Rf4+ 37. Ke1 Re8 38. Bc4 Rxd4 39. cxd4 Rxe3+ 40. Kd2 Rh3 41. d5 Rxh2+ 42. Kd3 Bd7 43. Re1 Rh4 44. Re5 f6 0-1

[Event "Belgrade-chT Quality"]
[Site "Belgrade"]
[Date "2019.10.13"]
[Round "4.4"]
[White "Stamatovic, Aleksandar"]
[Black "Mitic, Miroljub"]
[Result "1/2-1/2"]
[WhiteElo "2117"]
[BlackElo "2200"]
[PlyCount "129"]
[EventDate "2019.10.05"]
[EventType "team-tourn"]
[EventRounds "11"]
[EventCountry "SRB"]
[SourceTitle "EXT 2022"]
[Source "ChessBase"]
[SourceDate "2021.10.06"]
[SourceVersion "1"]
[SourceVersionDate "2021.10.06"]
[SourceQuality "1"]
[WhiteTeam "Bogoslov"]
[BlackTeam "Belgrade Politika"]
[WhiteTeamCountry "SRB"]
[BlackTeamCountry "SRB"]

1. e4 c5 2. Nf3 e6 3. c3 Nf6 4. e5 Nd5 5. Bc4 Nb6 6. Bb3 d6 7. 0-0 Nc6 8. d4 cxd4 9. cxd4 dxe5 10. dxe5 Qxd1 11. Rxd1 Be7 12. Be3 Nd7 13. Ba4 0-0 14. Bxc6 bxc6 15. Nc3 Nb6 16. Ne4 Nc4 17. Bc5 Bxc5 18. Nxc5 Rb8 19. b3 Rb5 20. Nd3 Na5 21. b4 Nb7 22. Nd4 Rb6 23. Rac1 Bd7 24. a4 a5 25. bxa5 Nxa5 26. Nc5 Bc8 27. Rb1 Rxb1 28. Rxb1 Rd8 29. Ncb3 Nxb3 30. Nxb3 Ba6 31. Nc5 Bc4 32. f4 g5 33. Rc1 Be2 34. Kf2 Rd2 35. Ke3 Ra2 36. fxg5 Kg7 37. Kf4 Kg6 38. g4 Ra3 39. h4 Rf3+ 40. Ke4 Ra3 41. Kd4 Bxg4 42. Kc4 Be2+ 43. Kb4 Rh3 44. Ka5 Rxh4 45. Kb6 Kxg5 46. a5 Rb4+ 47. Kxc6 h5 48. Kd6 h4 49. Ke7 Rf4 50. a6 Bf3 51. a7 Ba8 52. Rg1+ Rg4 53. Rf1 h3 54. Rxf7 h2 55. Nxe6+ Kh4 56. Rh7+ Kg3 57. Rxh2 Kxh2 58. Nc7 Ra4 59. Nxa8 Rxa7+ 60. Kf6 Rxa8 61. e6 Kg3 62. e7 Kf4 63. Kf7 Kf5 64. e8Q Rxe8 65. Kxe8 1/2-1/2

[Event "Belgrade-chT Quality"]
[Site "Belgrade"]
[Date "2018.09.27"]
[Round "10.2"]
[White "Nedeljkovic, Dragan"]
[Black "Stamatovic, Aleksandar"]
[Result "1/2-1/2"]
[WhiteElo "2170"]
[BlackElo "2168"]
[PlyCount "35"]
[EventDate "2018.09.17"]
[EventType "team-tourn"]
[EventRounds "11"]
[EventCountry "SRB"]
[SourceTitle "CBM 186 Extra"]
[Source "ChessBase"]
[SourceDate "2018.08.24"]
[SourceVersion "1"]
[SourceVersionDate "2018.08.24"]
[SourceQuality "1"]
[WhiteTeam "Belgrade PTT"]
[BlackTeam "Bogoslov"]
[WhiteTeamCountry "SRB"]
[BlackTeamCountry "SRB"]

1. e4 d5 2. exd5 Nf6 3. d4 Nxd5 4. c4 Nb6 5. Nf3 c5 6. d5 e6 7. Nc3 Be7 8. a4 exd5 9. cxd5 0-0 10. a5 N6d7 11. Bf4 Bf6 12. Be2 Re8 13. 0-0 Ne5 14. Nxe5 Bxe5 15. Bxe5 Rxe5 16. f4 Re8 17. Bf3 Bd7 18. Ne4 1/2-1/2

[Event "Belgrade-chT Quality"]
[Site "Belgrade"]
[Date "2018.09.24"]
[Round "7.3"]
[White "Zegarac, Vuk"]
[Black "Stamatovic, Aleksandar"]
[Result "1/2-1/2"]
[WhiteElo "2282"]
[BlackElo "2168"]
[PlyCount "65"]
[EventDate "2018.09.17"]
[EventType "team-tourn"]
[EventRounds "11"]
[EventCountry "SRB"]
[SourceTitle "CBM 186 Extra"]
[Source "ChessBase"]
[SourceDate "2018.08.24"]
[SourceVersion "1"]
[SourceVersionDate "2018.08.24"]
[SourceQuality "1"]
[WhiteTeam "Partizan"]
[BlackTeam "Bogoslov"]
[WhiteTeamCountry "SRB"]
[BlackTeamCountry "SRB"]

1. d4 c5 2. d5 g6 3. Nc3 Bg7 4. e4 d6 5. h3 a6 6. a4 Nf6 7. Nf3 b6 8. Bc4 0-0 9. 0-0 Nbd7 10. Ra3 Ne8 11. Bf4 Ne5 12. Nxe5 dxe5 13. Be3 Nd6 14. Be2 Rb8 15. a5 b5 16. Bxc5 b4 17. Rb3 Qxa5 18. Bxd6 exd6 19. Nb1 Bd7 20. Nd2 Qc5 21. Rf3 a5 22. c3 f5 23. cxb4 Rxb4 24. Rc3 Qb6 25. Nc4 Qb8 26. exf5 Bxf5 27. Nxa5 Rxb2 28. Nc6 Qb7 29. Bg4 e4 30. Ra3 Qb6 31. Bxf5 gxf5 32. Qh5 Qc7 33. Qg5 1/2-1/2

[Event "Belgrade-chT"]
[Site "Belgrade"]
[Date "2018.05.07"]
[Round "1"]
[White "Djalovic, Velizar"]
[Black "Stamatovic, Aleksandar"]
[Result "1/2-1/2"]
[WhiteElo "2142"]
[BlackElo "2133"]
[PlyCount "30"]
[EventDate "2018.05.07"]
[EventType "team-swiss"]
[EventRounds "5"]
[EventCountry "SRB"]
[SourceTitle "CBM 184 Extra"]
[Source "ChessBase"]
[SourceDate "2018.06.28"]
[SourceVersion "1"]
[SourceVersionDate "2018.06.28"]
[SourceQuality "1"]
[WhiteTeam "Belgrade 15 April"]
[BlackTeam "Belgrade Bogoslov"]
[WhiteTeamCountry "SRB"]
[BlackTeamCountry "SRB"]

1. d4 Nf6 2. g3 g6 3. Bg2 Bg7 4. c4 d6 5. Nc3 a6 6. e4 0-0 7. Nge2 e5 8. dxe5 dxe5 9. Qxd8 Rxd8 10. Bg5 Re8 11. Nd5 Nxd5 12. cxd5 Bf8 13. Rc1 Bd6 14. a3 Nd7 15. h4 h5 1/2-1/2

[Event "Belgrade-chT"]
[Site "Belgrade"]
[Date "2017.10.01"]
[Round "1.5"]
[White "Stamatovic, Aleksandar"]
[Black "Vujovic, Milan Z"]
[Result "0-1"]
[WhiteElo "2077"]
[BlackElo "2065"]
[PlyCount "68"]
[EventDate "2017.10.01"]
[EventType "team-tourn"]
[EventRounds "11"]
[EventCountry "SRB"]
[SourceTitle "CBM 181 Extra"]
[Source "ChessBase"]
[SourceDate "2017.12.12"]
[SourceVersion "1"]
[SourceVersionDate "2017.12.12"]
[SourceQuality "1"]
[WhiteTeam "Bogoslov"]
[BlackTeam "Belgrade EDB"]
[WhiteTeamCountry "SRB"]
[BlackTeamCountry "SRB"]

1. e4 e6 2. d4 d5 3. Bd3 Nf6 4. e5 Nfd7 5. c4 dxc4 6. Bxc4 c5 7. Nf3 Nc6 8. d5 exd5 9. Bxd5 Ndxe5 10. 0-0 Be7 11. Re1 Bg4 12. Bf4 Bxf3 13. gxf3 Ng6 14. Bg3 0-0 15. Nc3 Qb6 16. Rb1 Rad8 17. Qa4 Nb4 18. Bc4 Rd4 19. Re4 Rfd8 20. Qb3 Qf6 21. a3 Nc6 22. Nd5 R4xd5 23. Bxd5 Nd4 24. Rxd4 cxd4 25. Qxb7 h5 26. Re1 h4 27. Bc7 Qg5+ 28. Kh1 Rxd5 29. f4 Qf5 30. Be5 Qd7 31. Qa8+ Kh7 32. Bb8 d3 33. Qxa7 d2 34. Rd1 Qg4 0-1

[Event "Belgrade Jezero op"]
[Site "Belgrade"]
[Date "2017.08.13"]
[Round "9"]
[White "Savic, Nemanja"]
[Black "Stamatovic, Aleksandar"]
[Result "0-1"]
[WhiteElo "2157"]
[BlackElo "2072"]
[PlyCount "68"]
[EventDate "2017.08.05"]
[EventType "swiss"]
[EventRounds "9"]
[EventCountry "SRB"]
[SourceTitle "CBM 180 Extra"]
[Source "ChessBase"]
[SourceDate "2017.10.06"]
[SourceVersion "1"]
[SourceVersionDate "2017.10.06"]
[SourceQuality "1"]

1. c4 e5 2. Nc3 Bb4 3. Nd5 Ba5 4. b4 c6 5. bxa5 cxd5 6. cxd5 Qxa5 7. e4 Nf6 8. f3 0-0 9. Bb2 d6 10. Bc3 Qd8 11. Ne2 Nh5 12. d3 Nd7 13. Qd2 f5 14. Ng3 Qh4 15. Qf2 fxe4 16. dxe4 Nc5 17. Be2 Nf4 18. Rd1 b6 19. Bb4 Bd7 20. Bxc5 bxc5 21. Rb1 Rab8 22. 0-0 Bh3 23. Nf5 Qg5 24. Rxb8 Rxb8 25. g4 Bxf1 26. Bxf1 Qd8 27. Qc2 g6 28. Ne3 h5 29. Qa4 Qe7 30. Qc6 hxg4 31. Nxg4 Kg7 32. a4 Rb1 33. a5 Ne2+ 34. Kf2 Nd4 0-1

[Event "Belgrade-chT"]
[Site "Belgrade"]
[Date "2016.10.15"]
[Round "7.3"]
[White "Katanic Vujic, Petar"]
[Black "Stamatovic, Aleksandar"]
[Result "1-0"]
[WhiteElo "2319"]
[BlackElo "2119"]
[PlyCount "97"]
[EventDate "2016.10.08"]
[EventType "team-tourn"]
[EventRounds "13"]
[EventCountry "SRB"]
[SourceTitle "CBM 175 Extra"]
[Source "ChessBase"]
[SourceDate "2016.12.12"]
[SourceVersion "1"]
[SourceVersionDate "2016.12.12"]
[SourceQuality "1"]
[WhiteTeam "Belgrade Vodovod"]
[BlackTeam "Bogoslov"]
[WhiteTeamCountry "SRB"]
[BlackTeamCountry "SRB"]

1. Nf3 Nf6 2. c4 g6 3. Nc3 Bg7 4. e4 d6 5. d4 0-0 6. Be2 Nbd7 7. 0-0 e5 8. Be3 exd4 9. Nxd4 Nc5 10. f3 a5 11. Ndb5 Bd7 12. Qd2 Re8 13. Bg5 Ne6 14. Be3 b6 15. Rad1 Nc5 16. Rfe1 Bxb5 17. cxb5 Qe7 18. Bc4 Qf8 19. b3 h6 20. Qc2 Ncd7 21. h3 g5 22. Ne2 Nh5 23. Bd5 Ra7 24. Bc6 Qe7 25. g4 Nhf6 26. Ng3 Ne5 27. Kg2 Nxc6 28. bxc6 a4 29. b4 Bf8 30. a3 Qe6 31. Bd4 Rea8 32. Bb2 Ne8 33. Nf5 f6 34. Rd5 Qf7 35. h4 Qg6 36. e5 Qf7 37. e6 Qh7 38. hxg5 fxg5 39. e7 Bg7 40. Bxg7 Nxg7 41. Qe4 Re8 42. Qe2 Qg6 43. Nxg7 Kxg7 44. Rf5 Raa8 45. Qc4 Kh8 46. Re6 d5 47. Qxd5 Qh7 48. Qe5+ Kg8 49. Rff6 1-0

[Event "Belgrade Cup 16th"]
[Site "Belgrade"]
[Date "2016.05.09"]
[Round "1.2"]
[White "Milenkovic, Aleksandar"]
[Black "Stamatovic, Aleksandar"]
[Result "1/2-1/2"]
[WhiteElo "2008"]
[BlackElo "2161"]
[PlyCount "51"]
[EventDate "2016.05.09"]
[EventType "team-swiss"]
[EventRounds "5"]
[EventCountry "SRB"]
[SourceTitle "CBM 172 Extra"]
[Source "ChessBase"]
[SourceDate "2016.06.21"]
[SourceVersion "1"]
[SourceVersionDate "2016.06.21"]
[SourceQuality "1"]
[WhiteTeam "Vidikovac"]
[BlackTeam "Bogoslov"]
[WhiteTeamCountry "SRB"]
[BlackTeamCountry "SRB"]

1. e4 d5 2. exd5 Nf6 3. d4 Nxd5 4. c4 Nb6 5. h3 g6 6. Nf3 Bg7 7. Nc3 0-0 8. Be2 Nc6 9. Be3 e5 10. d5 Ne7 11. 0-0 Nf5 12. c5 Nxe3 13. fxe3 Nd7 14. c6 Nf6 15. e4 Nh5 16. Qd2 Nf4 17. Rad1 Qe7 18. d6 cxd6 19. Qxd6 Qxd6 20. Rxd6 Nxe2+ 21. Nxe2 bxc6 22. Nc3 f5 23. Rxc6 fxe4 24. Ng5 Bb7 25. Rxf8+ Rxf8 26. Rc7 1/2-1/2

[Event "SRB-ch sf"]
[Site "Belgrade"]
[Date "2016.03.29"]
[Round "9"]
[White "Stamatovic, Aleksandar"]
[Black "Djordjevic, Lazar"]
[Result "1-0"]
[WhiteElo "2180"]
[BlackElo "1924"]
[PlyCount "73"]
[EventDate "2016.03.21"]
[EventType "swiss"]
[EventRounds "9"]
[EventCountry "SRB"]
[SourceTitle "CBM 171 Extra"]
[Source "ChessBase"]
[SourceDate "2016.04.26"]
[SourceVersion "1"]
[SourceVersionDate "2016.04.26"]
[SourceQuality "1"]

1. e4 c5 2. Nf3 e6 3. c3 d5 4. exd5 exd5 5. Bb5+ Nc6 6. 0-0 Bd6 7. d4 Nge7 8. c4 0-0 9. Bg5 Nxd4 10. Nxd4 cxd4 11. cxd5 f6 12. Bh4 Nf5 13. Bg3 Bxg3 14. hxg3 Qxd5 15. Na3 Kh8 16. Re1 a6 17. Bd3 Nd6 18. Re7 Bf5 19. Qh5 Rae8 20. Bxf5 Qxf5 21. Qxf5 Nxf5 22. Rxb7 Rb8 23. Rxb8 Rxb8 24. Nc4 Kg8 25. Rd1 Rd8 26. Kf1 Kf7 27. Ke2 Ke6 28. Kd3 Kd5 29. Re1 h5 30. Re4 Kc5 31. Re6 Ra8 32. Rb6 Ra7 33. b4+ Kd5 34. f3 Rd7 35. Rxa6 Rb7 36. Ra5+ Ke6 37. Rxf5 1-0

[Event "SRB-ch sf"]
[Site "Belgrade"]
[Date "2016.03.28"]
[Round "8"]
[White "Zivojinovic, Branko"]
[Black "Stamatovic, Aleksandar"]
[Result "0-1"]
[WhiteElo "1946"]
[BlackElo "2180"]
[PlyCount "110"]
[EventDate "2016.03.21"]
[EventType "swiss"]
[EventRounds "9"]
[EventCountry "SRB"]
[SourceTitle "CBM 171 Extra"]
[Source "ChessBase"]
[SourceDate "2016.04.26"]
[SourceVersion "1"]
[SourceVersionDate "2016.04.26"]
[SourceQuality "1"]

1. d4 Nf6 2. Bf4 d6 3. h3 g6 4. c3 Bg7 5. e3 a6 6. Nf3 Nbd7 7. Nbd2 c5 8. dxc5 Nxc5 9. Be2 0-0 10. 0-0 b5 11. Bh2 Bb7 12. Nd4 Na4 13. Rb1 Rc8 14. Bf3 Bd5 15. Bxd5 Nxd5 16. Qb3 Ndb6 17. Rbc1 Qc7 18. Bg3 e5 19. N4f3 Nc5 20. Qc2 f5 21. b4 Ne6 22. Qb3 Nc4 23. a4 Qe7 24. axb5 axb5 25. Nxc4 bxc4 26. Qd1 Rfd8 27. Qd5 Qf7 28. Rfd1 g5 29. Ra1 f4 30. Bh2 h6 31. Ra6 Nc7 32. Qxf7+ Kxf7 33. Raxd6 Rxd6 34. Rxd6 Nb5 35. Rd7+ Kg8 36. Ne1 Nxc3 37. Nc2 Ra8 38. Kh1 Ra2 39. Rd2 Rb2 40. Bg1 Ne4 41. Re2 Nd6 42. exf4 exf4 43. f3 Nf5 44. Kh2 c3 45. h4 Kf7 46. hxg5 hxg5 47. Kh3 Ng3 48. Rf2 Rb1 49. Bh2 Rh1 50. b5 Nf1 51. Kg4 Nxh2+ 52. Kxg5 Be5 53. Kf5 Bd6 54. Ke4 Rd1 55. b6 Rd2 0-1

[Event "SRB-ch sf"]
[Site "Belgrade"]
[Date "2016.03.24"]
[Round "4"]
[White "Maksimovic, Branimir"]
[Black "Stamatovic, Aleksandar"]
[Result "1-0"]
[WhiteElo "2324"]
[BlackElo "2180"]
[PlyCount "101"]
[EventDate "2016.03.21"]
[EventType "swiss"]
[EventRounds "9"]
[EventCountry "SRB"]
[SourceTitle "CBM 171 Extra"]
[Source "ChessBase"]
[SourceDate "2016.04.26"]
[SourceVersion "1"]
[SourceVersionDate "2016.04.26"]
[SourceQuality "1"]

1. c4 e5 2. g3 Nf6 3. Bg2 Nc6 4. Nc3 Bc5 5. Nf3 e4 6. Ng5 Bxf2+ 7. Kxf2 Ng4+ 8. Kg1 Qxg5 9. Nxe4 Qe5 10. e3 d6 11. d4 Qe7 12. Qf3 f5 13. Nc3 Nb4 14. Bd2 c6 15. a3 Na6 16. b4 Nc7 17. Re1 0-0 18. h3 Nf6 19. Kh2 d5 20. cxd5 cxd5 21. Rhf1 Be6 22. Rc1 Ne4 23. Nxe4 fxe4 24. Qh5 Nb5 25. Bxe4 g6 26. Bxg6 hxg6 27. Qxg6+ Kh8 28. e4 Qh7 29. Qxe6 Qxe4 30. Qxe4 dxe4 31. a4 Nd6 32. Bf4 Nf5 33. Rfe1 Rac8 34. g4 Nh4 35. Rxc8 Rxc8 36. Kg3 Ng6 37. Rxe4 Rc4 38. Bd2 Rc2 39. Be1 Ra2 40. a5 Kg7 41. h4 Kf7 42. d5 Ra3+ 43. Kg2 Rd3 44. h5 Ne7 45. Bf2 Rxd5 46. Bxa7 Nc6 47. Be3 Rb5 48. Bd2 Rd5 49. Bc3 Rd3 50. Rc4 Ke6 51. a6 1-0

[Event "SRB-ch sf"]
[Site "Belgrade"]
[Date "2016.03.21"]
[Round "1"]
[White "Stamatovic, Aleksandar"]
[Black "Damjanovic, Vuk"]
[Result "1-0"]
[WhiteElo "2180"]
[BlackElo "1444"]
[PlyCount "91"]
[EventDate "2016.03.21"]
[EventType "swiss"]
[EventRounds "9"]
[EventCountry "SRB"]
[SourceTitle "CBM 171 Extra"]
[Source "ChessBase"]
[SourceDate "2016.04.26"]
[SourceVersion "1"]
[SourceVersionDate "2016.04.26"]
[SourceQuality "1"]

1. e4 e5 2. Nf3 Nc6 3. d4 exd4 4. Nxd4 d6 5. Nxc6 bxc6 6. Nc3 Be7 7. Bd3 Nf6 8. 0-0 0-0 9. h3 Bd7 10. Re1 Rb8 11. b3 Re8 12. Bb2 Bc8 13. Ne2 Nd7 14. Nd4 Bb7 15. Nf5 Bf6 16. Qc1 Nc5 17. Bd4 Bxd4 18. Nxd4 g6 19. Qf4 Nd7 20. Qg3 Qf6 21. Nf5 Kh8 22. Nh6 Kg7 23. Ng4 Qe7 24. f4 Nf6 25. Ne3 Kh8 26. Nc4 Nd7 27. Qf2 Nc5 28. e5 d5 29. Ne3 Nxd3 30. cxd3 Ba6 31. d4 Bd3 32. Ng4 Qb4 33. Nf6 Re6 34. Rad1 Rxf6 35. exf6 Be4 36. Qh4 Qa3 37. Qh6 Rg8 38. Rd2 Qb4 39. Ree2 Qc3 40. Qg5 Qc1+ 41. Kh2 Qf1 42. Rf2 Qe1 43. Qe5 Qc1 44. Qxc7 Qc3 45. Qxf7 c5 46. Qe7 1-0